Radiologic Science for 10 Technologys (Record no. 6957)

MARC details
000 -LEADER
fixed length control field 00236nam a22000857a 4500
008 - FIXED-LENGTH DATA ELEMENTS--GENERAL INFORMATION
fixed length control field 170620b xxu||||| |||| 00| 0 eng d
020 ## - INTERNATIONAL STANDARD BOOK NUMBER
International Standard Book Number 9780323081351
100 ## - MAIN ENTRY--PERSONAL NAME
9 (RLIN) 3572
Personal name Bushong,Stewant grlyle
245 ## - TITLE STATEMENT
Title Radiologic Science for 10 Technologys
260 ## - PUBLICATION, DISTRIBUTION, ETC. (IMPRINT)
Name of publisher, distributor, etc. Elsener
Date of publication, distribution, etc. 2008
Holdings
Withdrawn status Lost status Source of classification or shelving scheme Damaged status Koha normalized classification for sorting Not for loan Home library Current library Shelving location Date acquired Total Checkouts Full call number Barcode Date last seen Price effective from Koha item type
    Dewey Decimal Classification   BUS_616_075000000000000_C3   Good Samaritan School Library Good Samaritan School Library RADIOLOGY 06/20/2017   BUS616.075 C-3 BUS11326 06/20/2017 06/20/2017 Reference

Powered by Koha